Wszystkie ulice w Porażu - Statystyki

Ogólne statystyki
  • Ten quiz został rozwiązany 6 razy
  • Średni wynik to 11 z 28
Statystyki odpowiedzi
Ulice % Poprawnych
1 Cicha
75%
2 Długa
75%
8 Kościelna
75%
18 Rzeczna
75%
24 Szkolna
75%
3 Doliny
50%
4 Dworska
50%
5 Dział
50%
6 Karpacka
50%
13 Łąkowa
50%
12 Lipowa
50%
17 Polna
50%
25 Świerkowa
50%
27 Zielona
50%
9 Krasne
25%
11 Leśna
25%
14 Miodowa
25%
15 Mostowa
25%
20 Słoneczna
25%
21 Spacerowa
25%
22 Stara
25%
23 Stawki
25%
26 Wesoła
25%
28 Źródlana
25%
7 Kasztanowa
0%
10 Lawendowa
0%
16 Podgórze
0%
19 Skalna
0%
Nie znaleziono quizów pasujących do podanych kryteriów
Rozkład punktacji
Procent ludzi z każdym wynikiem
Percentyl według liczby udzielonych odpowiedzi
Twoja historia wyników
Nie rozwiązałeś tego quizu